Catalog

Record Details

Catalog Search



Ze světa Starého zákona / II. Cover Image Book Book

Ze světa Starého zákona / Miloš Bič II.

Bič, Miloš (Author).

Record details

  • Physical Description: 377 - 797 s.
  • Edition: 1. vyd.
  • Publisher: Praha Kalich 1989

Available copies

  • 1 of 1 copy available at Common Catalog SPOK.

Holds

  • 0 current holds with 1 total copy.
Show Only Available Copies
Location Call Number / Copy Notes Barcode Shelving Location Status Due Date
ETS Library 221.9 424470007311 Volný výběr Available -

LDR 00608nam a2 00241
00141958
003CZ-PrJAB
00520040211000000.0
008000503s1989 xr e |||| |cze
009cz
035 . ‡a(CONS)10521
035 . ‡aKPS6883
040 . ‡aABG450
041 . ‡acze
08214. ‡a221.9
100 . ‡71021 ‡aBič, Miloš
245 . ‡aZe světa Starého zákona / ‡cMiloš Bič ‡nII.
250 . ‡a1. vyd.
260 . ‡aPraha ‡bKalich ‡c1989
300 . ‡a377 - 797 s.
653 . ‡asvěta Starého zákona
8524 . ‡bETS ‡bETS ‡cVolný výběr ‡j221.9 ‡gE ‡p424470007311
910 . ‡aABG450
999 . ‡a10521 ‡bAUTOGEN ‡c10521 ‡tbiblio
905 . ‡uadmin
901 . ‡a41958 ‡b ‡c41958 ‡tbiblio ‡sets

Additional Resources